Historia de la literatura francesa / (Record no. 44815)

MARC details
000 -LEADER
campo de control de longitud fija 00599nam a2200181 i 4500
001 - NÚMERO DE CONTROL
campo de control 44815
003 - IDENTIFICADOR DE NÚMERO DE CONTROL
campo de control ES-MaACL
005 - FECHA Y HORA DE LA ÚLTIMA TRANSACCIÓN
campo de control 20230906161111.0
007 - CAMPO FIJO DE DESCRIPCIÓN FÍSICA--INFORMACIÓN GENERAL
campo de control de longitud fija t|
008 - DATOS DE LONGITUD FIJA--INFORMACIÓN GENERAL
campo de control de longitud fija 030324s1945 ag ||||1| spa d
100 1# - ENTRADA PRINCIPAL--NOMBRE DE PERSONA
Nombre de persona Claretie, Leo.
9 (RLIN) 39015
245 10 - MENCIÓN DEL TÍTULO
Título Historia de la literatura francesa /
Mención de responsabilidad, etc. Leo Claretie ; [versión castellana por Miguel de Toro Gómez ; revisada por M. J. de Sosa].
260 ## - PUBLICACIÓN, DISTRIBUCIÓN, ETC.
Lugar de publicación, distribución, etc. Buenos Aires :
Nombre del editor, distribuidor, etc. Américalee,
Fecha de publicación, distribución, etc. [1945]
300 ## - DESCRIPCIÓN FÍSICA
Extensión 2 v. ;
Dimensiones 24 cm.
700 1# - ENTRADA AGREGADA--NOMBRE PERSONAL
Nombre de persona Toro Gómez, Miguel de.
9 (RLIN) 110689
700 1# - ENTRADA AGREGADA--NOMBRE PERSONAL
Nombre de persona Sosa, M. J. de.
9 (RLIN) 107436
852 ## - LOCALIZACIÓN
Ubicación ES-MaACL
Número de control de estantería B-10723-24
Sublocalización o colección R.22350
Holdings
Estatus retirado Estado de pérdida Estado de daño No para préstamo Biblioteca de origen Biblioteca actual Ubicación en estantería Fecha de adquisición Fuente de adquisición Total de préstamos Signatura topográfica completa Código de barras Visto por última vez Precio de reemplazo Tipo de ítem Koha
        Biblioteca del Ateneo de Madrid Biblioteca del Ateneo de Madrid Sala Pardo Bazán 17/01/2008     B-10723-24 1047165 23/02/2023 23/02/2023 Libro impreso